| 000 | 00604nam a2200229Ia 4500 | ||
|---|---|---|---|
| 003 | OSt | ||
| 005 | 20220918192958.0 | ||
| 006 | a|||||r|||| 00| 0 | ||
| 007 | ta | ||
| 008 | 220917b |||||||| |||| 00| 0 eng d | ||
| 024 | _a71,367 | ||
| 037 | _cTextual | ||
| 040 |
_aARTS _cARTS _beng |
||
| 041 |
_2eng _aeng |
||
| 082 | _aR3xM872, L6 | ||
| 100 |
_aMarcel G _980783 |
||
| 245 | 0 |
_aBeing and having _b an existentialist diary |
|
| 260 |
_aGloucester _bPeter Smith _c1976 |
||
| 300 |
_axvii, 236p. _ccm. |
||
| 942 |
_hR3xM872, L6 _cTEXL _2CC |
||
| 999 |
_c197440 _d197440 |
||